[Event "EOBCC 2020"]
[Site "Online"]
[Date "2020.12.18"]
[Round "1.56"]
[White "Studer, Noel"]
[Black "Barseghyan, Armen Ar."]
[Result "1-0"]
[WhiteElo "2582"]
[BlackElo "2362"]
[PlyCount "85"]
[EventDate "2020.12.18"]
[EventType "tourn"]
[EventCountry "NET"]

1. d4 Nf6 2. c4 e6 3. Nf3 c5 4. d5 exd5 5. cxd5 d6 6. Nc3 g6 7. Bf4 a6 8. a4 Bg7 9. h3 O-O 10. e3 Re8 11. Nd2 Nbd7 12. Be2 Ne5 13. O-O Nfd7 14. Bh2 f5 15. a5 b5 16. axb6 Qxb6 17. Qc2 Rb8 18. Rfb1 Nf7 19. Nc4 Qc7 20. Na5 Nde5 21. Ra2 c4 22. Kh1 Qc5 23. b3 Nd3 24. Nxc4 Nb4 25. Na4 Qc7 26. Qd2 Nxa2 27. Qxa2 Ne5 28. Rc1 Nxc4 29. Rxc4 Qe7 30. Rc6 Be5 31. Qa3 Bxh2 32. Kxh2 Bd7 33. Rxa6 Bxa4 34. Qxa4 Rec8 35. Bc4 Qe5+ 36. g3 Rc7 37. Rc6 Rbc8 38. Qa6 Rxc6 39. dxc6+ Kg7 40. Qxc8 Qb2 41. Qd7+ Kh6 42. Kg2 Qc2 43. Qe6 1-0

[Event "EOBCC 2020"]
[Site "Online"]
[Date "2020.12.18"]
[Round "1.57"]
[White "Coenen, Michael"]
[Black "Kobalia, Mikhail"]
[Result "0-1"]
[WhiteElo "2362"]
[BlackElo "2590"]
[PlyCount "76"]
[EventDate "2020.12.18"]
[EventType "tourn"]
[EventCountry "NET"]

1. d4 Nf6 2. Nf3 g6 3. Bg5 Bg7 4. Nbd2 O-O 5. e3 d6 6. Bd3 b6 7. O-O Bb7 8. Qe2 c5 9. c3 Nbd7 10. Rfd1 Qc7 11. Bh4 e5 12. dxe5 dxe5 13. e4 Nh5 14. Bg3 Rfe8 15. Nc4 b5 16. Ne3 c4 17. Bc2 Ndf6 18. Nd5 Nxd5 19. exd5 Nxg3 20. hxg3 e4 21. Nd4 Qc5 22. a4 b4 23. d6 Rad8 24. Nb5 b3 25. Bb1 Re6 26. d7 e3 27. f3 Re7 28. Be4 Bxe4 29. fxe4 Rexd7 30. Rxd7 Rxd7 31. Re1 Rd3 32. Na3 Be5 33. Kh2 h5 34. Nxc4 Qxc4 35. Rd1 Rxc3 36. Rd8+ Kg7 37. Qd1 e2 38. Qd2 Rxg3 0-1

[Event "EOBCC 2020"]
[Site "Online"]
[Date "2020.12.18"]
[Round "1.58"]
[White "Wagner, Dennis"]
[Black "Meissner, Felix"]
[Result "1-0"]
[WhiteElo "2581"]
[BlackElo "2362"]
[PlyCount "41"]
[EventDate "2020.12.18"]
[EventType "tourn"]
[EventCountry "NET"]

1. d4 g6 2. c4 Bg7 3. e4 d6 4. Nc3 Nc6 5. d5 Nb8 6. h3 e6 7. Nf3 Bxc3+ 8. bxc3 e5 9. Be3 b6 10. Nd2 Nd7 11. Be2 Ne7 12. Bh6 f6 13. O-O Nc5 14. f4 exf4 15. Rxf4 f5 16. Qf1 Rg8 17. Re1 Bd7 18. Bg5 h6 19. Bxh6 g5 20. Bh5+ Ng6 21. exf5+ 1-0

[Event "EOBCC 2020"]
[Site "Online"]
[Date "2020.12.18"]
[Round "1.59"]
[White "Galopoulos, Nikolaos"]
[Black "Balog, Imre"]
[Result "1-0"]
[WhiteElo "2360"]
[BlackElo "2578"]
[PlyCount "119"]
[EventDate "2020.12.18"]
[EventType "tourn"]
[EventCountry "NET"]

1. d4 d5 2. c4 c6 3. cxd5 cxd5 4. Nc3 Nf6 5. Bf4 Nc6 6. e3 Bg4 7. Qb3 Na5 8. Qa4+ Bd7 9. Bb5 Nc6 10. Nf3 a6 11. Bxc6 Bxc6 12. Qb3 Nh5 13. Bg3 e6 14. Ne5 Nxg3 15. hxg3 Bd6 16. Nxc6 bxc6 17. Qc2 h6 18. g4 O-O 19. f4 c5 20. dxc5 Bxc5 21. g5 Bxe3 22. gxh6 g6 23. h7+ Kh8 24. Ne2 Rc8 25. Qd3 d4 26. Rd1 Qd5 27. Kf1 e5 28. Qxe3 f6 29. Qd3 Qf7 30. Kg1 Rcd8 31. Qe4 Rfe8 32. f5 gxf5 33. Qxf5 Rd5 34. Rh6 e4 35. Qxf6+ Qxf6 36. Rxf6 d3 37. Nc3 Rd7 38. Kf1 e3 39. Ke1 e2 40. Rd2 Rxh7 41. Nxe2 Rhe7 42. Rf2 dxe2 43. Rfxe2 Kg7 44. Rxe7+ Rxe7+ 45. Re2 Rd7 46. b3 Rd5 47. Re6 a5 48. Ke2 Rg5 49. Kf3 Rf5+ 50. Ke4 Rg5 51. Re5 Rg4+ 52. Kd3 a4 53. Re2 Kf6 54. Kc3 Kf5 55. b4 Rg3+ 56. Kc4 Rg4+ 57. Kb5 a3 58. Kc5 Rg3 59. b5 Rc3+ 60. Kb4 1-0

[Event "EOBCC 2020"]
[Site "Online"]
[Date "2020.12.18"]
[Round "1.60"]
[White "Bogner, Sebastian"]
[Black "Lukasiewicz, Krzysztof"]
[Result "1-0"]
[WhiteElo "2577"]
[BlackElo "2359"]
[PlyCount "39"]
[EventDate "2020.12.18"]
[EventType "tourn"]
[EventCountry "NET"]

1. e4 c6 2. d4 d5 3. Nc3 dxe4 4. Nxe4 Bf5 5. Ng3 Bg6 6. Nf3 Nd7 7. Bc4 e6 8. O-O Ngf6 9. Re1 Bd6 10. Nh4 Qc7 11. Nhf5 Bf8 12. Qf3 Nd5 13. Bg5 h6 14. Bh4 N7f6 15. Bxd5 Nxd5 16. c4 Nb6 17. d5 cxd5 18. cxd5 Bb4 19. Nxg7+ Kf8 20. Nxe6+ 1-0

[Event "EOBCC 2020"]
[Site "Online"]
[Date "2020.12.18"]
[Round "1.61"]
[White "Voit, Daria"]
[Black "Aleksandrov, Aleksej"]
[Result "1-0"]
[WhiteElo "2353"]
[BlackElo "2574"]
[PlyCount "81"]
[EventDate "2020.12.18"]
[EventType "tourn"]
[EventCountry "NET"]

1. d4 d5 2. Nf3 Nf6 3. c4 e6 4. g3 dxc4 5. Bg2 Bb4+ 6. Bd2 a5 7. Qc2 Bxd2+ 8. Qxd2 c6 9. a4 Ne4 10. Qc2 Nd6 11. Ne5 Na6 12. Na3 Nb4 13. Qc3 O-O 14. O-O Qc7 15. Naxc4 Nxc4 16. Qxc4 Rd8 17. Rfd1 Bd7 18. Rac1 Be8 19. e3 Rac8 20. b3 h6 21. h4 Na2 22. Rc2 Nb4 23. Rcc1 b6 24. Nd3 Nxd3 25. Rxd3 c5 26. dxc5 Rxd3 27. Qxd3 bxc5 28. Qa6 Rb8 29. Rc3 g5 30. hxg5 hxg5 31. Qc4 Rc8 32. Qa6 Kg7 33. Qc4 Qe5 34. Rc1 Kf6 35. Bf3 Kg7 36. Qa6 Qc7 37. Kg2 Rb8 38. Qc4 Rc8 39. Qd3 Rb8 40. Rh1 Qe5 41. Rc1 1-0

[Event "EOBCC 2020"]
[Site "Online"]
[Date "2020.12.18"]
[Round "1.62"]
[White "Asadli, Vugar"]
[Black "Lenaerts, Lennert"]
[Result "1-0"]
[WhiteElo "2572"]
[BlackElo "2357"]
[PlyCount "104"]
[EventDate "2020.12.18"]
[EventType "tourn"]
[EventCountry "NET"]

1. e4 e5 2. Nf3 Nc6 3. Nc3 Nf6 4. a3 d5 5. Bb5 Nxe4 6. Qe2 Qd6 7. Nxe4 dxe4 8. Qxe4 Bd7 9. d4 O-O-O 10. dxe5 Nxe5 11. Bxd7+ Qxd7 12. O-O Nxf3+ 13. Qxf3 Qd5 14. Qc3 Bc5 15. Bf4 Rhe8 16. h3 Qd4 17. Qg3 Re2 18. Bxc7 Rxf2 19. Rxf2 Qxf2+ 20. Qxf2 Bxf2+ 21. Kxf2 Kxc7 22. Ke3 Re8+ 23. Kd3 Rd8+ 24. Kc3 Re8 25. Rf1 f6 26. Rf2 Kc6 27. b4 Re4 28. Kd3 Kd5 29. Rf5+ Re5 30. c4+ Ke6 31. Rf2 Re1 32. Kd4 Ra1 33. Rf3 Ra2 34. g4 g6 35. Kc5 f5 36. gxf5+ gxf5 37. b5 Ke5 38. Re3+ Kf4 39. Re7 Rxa3 40. Rxb7 Rxh3 41. Rxa7 Ke5 42. b6 Rb3 43. Kc6 f4 44. Rf7 h5 45. b7 h4 46. Kc7 h3 47. c5 Ke4 48. c6 f3 49. b8=Q Rxb8 50. Kxb8 h2 51. c7 h1=Q 52. c8=Q Qh8 1-0

[Event "EOBCC 2020"]
[Site "Online"]
[Date "2020.12.18"]
[Round "1.63"]
[White "Koksal, Ege"]
[Black "Sychev, Klementy"]
[Result "1/2-1/2"]
[WhiteElo "2353"]
[BlackElo "2572"]
[PlyCount "144"]
[EventDate "2020.12.18"]
[EventType "tourn"]
[EventCountry "NET"]

1. d4 Nf6 2. c4 g6 3. Nc3 d5 4. Nf3 Bg7 5. Bg5 Ne4 6. cxd5 Nxg5 7. Nxg5 e6 8. Nf3 exd5 9. b4 O-O 10. e3 Be6 11. Be2 Qd6 12. Qb3 Nd7 13. O-O c6 14. a4 Rfc8 15. Rab1 a6 16. a5 Bf5 17. Rbc1 Bf8 18. Na2 Rcb8 19. Bd3 Bg4 20. Nd2 b6 21. axb6 Nxb6 22. Qc3 Bd7 23. Nb3 Ra7 24. Nc5 Bc8 25. Qa3 Bg4 26. Nc3 Rba8 27. Ra1 Bc8 28. N3a4 Qb8 29. Nxb6 Qxb6 30. Qa5 Rb8 31. Qxb6 Rxb6 32. Ra4 Bd6 33. Rfa1 Kg7 34. g3 h5 35. Bxa6 Bxc5 36. Bxc8 Rxa4 37. Rxa4 Bxb4 38. Ra6 Rxa6 39. Bxa6 c5 40. dxc5 Bxc5 41. Kf1 d4 42. e4 g5 43. Ke2 Bd6 44. Kd3 Be5 45. Bb5 g4 46. Bd7 Kf6 47. h3 Kg5 48. hxg4 hxg4 49. Bf5 Bc7 50. Bd7 Ba5 51. Bf5 Be1 52. Ke2 Bb4 53. Kd3 Bc3 54. Ke2 Bb2 55. Kd3 Ba1 56. Ke2 Bc3 57. Kd3 Ba5 58. Ke2 Bc7 59. Kd3 Bb6 60. Bd7 f6 61. Bf5 Ba5 62. Ke2 Bb4 63. Kd3 Bc5 64. Bd7 Ba7 65. Bf5 Kh5 66. Bd7 Kg5 67. Bf5 Bb6 68. Bd7 Bc5 69. Bc8 Ba7 70. Bd7 Bb6 71. Bc8 Ba7 72. Bd7 Bb6 1/2-1/2

[Event "EOBCC 2020"]
[Site "Online"]
[Date "2020.12.18"]
[Round "1.64"]
[White "Mchedlishvili, Mikheil"]
[Black "Migot, Tangi"]
[Result "1/2-1/2"]
[WhiteElo "2570"]
[BlackElo "2353"]
[PlyCount "104"]
[EventDate "2020.12.18"]
[EventType "tourn"]
[EventCountry "NET"]

1. d4 d5 2. c4 c6 3. Nf3 Nf6 4. e3 e6 5. b3 Nbd7 6. Bd3 Bd6 7. Bb2 O-O 8. O-O b6 9. Nbd2 Bb7 10. e4 dxe4 11. Nxe4 Nxe4 12. Bxe4 Nf6 13. Bc2 Qe7 14. Re1 Rad8 15. Qe2 Rfe8 16. Rad1 Bb4 17. Rf1 Ba3 18. Ba1 Bd6 19. Ng5 c5 20. dxc5 Bxc5 21. Bxf6 Qxf6 22. Bxh7+ Kf8 23. Be4 Qxg5 24. Bxb7 Rxd1 25. Rxd1 Rd8 26. Rxd8+ Qxd8 27. g3 Qd4 28. Kg2 a5 29. h4 g6 30. Bf3 Kg7 31. h5 gxh5 32. Bxh5 Qf6 33. Bf3 Kf8 34. Qd2 Qd4 35. Qc2 Kg7 36. Qe2 Kf8 37. Bc6 Ke7 38. Be4 Qe5 39. Qf3 Qf6 40. Qe2 Qe5 41. Qc2 Qd4 42. Bf3 Qe5 43. Qd2 Qd4 44. Qe2 Kf8 45. Bh5 Ke7 46. Qf3 Qf6 47. Qe2 Qd4 48. Qc2 Qf6 49. Qd2 Qd4 50. Qe2 Qf6 51. Bf3 Qd4 52. Be4 Qe5 1/2-1/2

[Event "EOBCC 2020"]
[Site "Online"]
[Date "2020.12.18"]
[Round "1.65"]
[White "Czernek, Tymon"]
[Black "Agrest, Evgenij"]
[Result "0-1"]
[WhiteElo "2359"]
[BlackElo "2568"]
[PlyCount "94"]
[EventDate "2020.12.18"]
[EventType "tourn"]
[EventCountry "NET"]

1. e4 d6 2. d4 g6 3. Nf3 Bg7 4. Nc3 a6 5. Be2 Nf6 6. O-O O-O 7. h3 e6 8. Bf4 h6 9. Re1 Nc6 10. Bh2 b5 11. a3 Bb7 12. Bd3 b4 13. Ne2 Re8 14. Qd2 a5 15. Ng3 Qb8 16. Bb5 Rd8 17. d5 Na7 18. Bc4 exd5 19. exd5 bxa3 20. bxa3 Nc8 21. Ba2 Nb6 22. c4 Nbd7 23. Rab1 Qa7 24. Nd4 Nc5 25. Re7 Re8 26. Rxc7 Nfe4 27. Nxe4 Nxe4 28. Qf4 Qxd4 29. Qxf7+ Kh7 30. Qxg7+ Qxg7 31. Rxg7+ Kxg7 32. Rxb7+ Kg8 33. Bf4 Nc3 34. Bb3 Ne2+ 35. Kh2 Nxf4 36. Rd7 Rad8 37. Ra7 Nd3 38. Ba4 Re2 39. Bd7 Nc5 40. Bc6 Rxf2 41. Rxa5 Rb8 42. Ra7 Rbb2 43. Ra8+ Kg7 44. Ra7+ Kf6 45. Be8 Rxg2+ 46. Kh1 Ne4 47. Rf7+ Kg5 0-1

[Event "EOBCC 2020"]
[Site "Online"]
[Date "2020.12.18"]
[Round "1.66"]
[White "Paichadze, Luka"]
[Black "Djordjevic, Vuk"]
[Result "0-1"]
[WhiteElo "2565"]
[BlackElo "2350"]
[PlyCount "84"]
[EventDate "2020.12.18"]
[EventType "tourn"]
[EventCountry "NET"]

1. e4 e6 2. b3 d5 3. Bb2 Nf6 4. e5 Nfd7 5. f4 c5 6. Qg4 Nc6 7. Nf3 h5 8. Qh3 g6 9. Bb5 Ne7 10. O-O a6 11. Be2 b5 12. a4 b4 13. d4 Nf5 14. Bd3 Ne3 15. Re1 Ng4 16. Nbd2 cxd4 17. Nxd4 Nc5 18. N2f3 Bd7 19. Qg3 Nxd3 20. cxd3 Qb6 21. h3 Nh6 22. Kh1 Nf5 23. Nxf5 gxf5 24. Bd4 Qd8 25. Rac1 h4 26. Qf2 Be7 27. Bb6 Qb8 28. Bc5 Bxc5 29. Qxc5 Qb7 30. Ng5 a5 31. Qf2 Qa6 32. Rc7 Rc8 33. Rec1 Rxc7 34. Rxc7 Rg8 35. Nh7 Rg6 36. Nf6+ Rxf6 37. exf6 Kd8 38. Qc5 d4 39. Ra7 Qc6 40. Qf8+ Be8 41. Qe7+ Kc8 42. Kh2 Kb8 0-1

[Event "EOBCC 2020"]
[Site "Online"]
[Date "2020.12.18"]
[Round "1.67"]
[White "Okhotnik, Vladimir"]
[Black "Thybo, Jesper Sondergaard"]
[Result "1-0"]
[WhiteElo "2350"]
[BlackElo "2565"]
[PlyCount "99"]
[EventDate "2020.12.18"]
[EventType "tourn"]
[EventCountry "NET"]

1. e4 c5 2. Nf3 d6 3. Bc4 e6 4. d3 Nf6 5. O-O Be7 6. c3 O-O 7. Bb3 b5 8. Nbd2 Bb7 9. Re1 a5 10. Bc2 a4 11. a3 Nc6 12. Nf1 Na5 13. Bg5 Nd7 14. Bxe7 Qxe7 15. Ng3 Ne5 16. Qe2 Nxf3+ 17. Qxf3 Nc6 18. Qh5 g6 19. Qh6 Ne5 20. h3 f6 21. Qd2 Qg7 22. f4 Nf7 23. d4 Qh6 24. Qf2 cxd4 25. cxd4 e5 26. dxe5 fxe5 27. f5 Qf4 28. Rad1 Rac8 29. Bd3 Rc5 30. Bf1 Rfc8 31. Rd2 Qxf2+ 32. Kxf2 d5 33. exd5 Bxd5 34. fxg6 hxg6 35. h4 Kg7 36. Ne2 Nh6 37. Nc3 Bf7 38. Bxb5 Nf5 39. Bxa4 Nxh4 40. g3 Nf5 41. Bd7 Rb8 42. Ne4 Rc7 43. Ng5 Rd8 44. Nxf7 Rdxd7 45. Rxd7 Rxd7 46. Nxe5 Rd2+ 47. Re2 Rd5 48. g4 Nd4 49. Rd2 Kf6 50. Nf3 1-0

[Event "EOBCC 2020"]
[Site "Online"]
[Date "2020.12.18"]
[Round "1.68"]
[White "Sanal, Vahap"]
[Black "Janaszak, Dawid"]
[Result "1-0"]
[WhiteElo "2557"]
[BlackElo "2348"]
[PlyCount "61"]
[EventDate "2020.12.18"]
[EventType "tourn"]
[EventCountry "NET"]

1. e4 c5 2. Nf3 g6 3. d4 cxd4 4. Nxd4 Nc6 5. Nc3 Bg7 6. Be3 Nf6 7. Bc4 O-O 8. Bb3 Re8 9. O-O e6 10. Ndb5 d5 11. exd5 Nxd5 12. Nxd5 exd5 13. Qxd5 Be6 14. Qxd8 Raxd8 15. Nc7 Re7 16. Nxe6 Rxe6 17. Bxe6 fxe6 18. Rad1 Rc8 19. c3 Ne5 20. Bd4 Kf7 21. Bxe5 Bxe5 22. Rd7+ Kf6 23. Rxb7 a5 24. g3 g5 25. Re1 a4 26. a3 Rc5 27. Kg2 Rd5 28. Re4 h5 29. Rxa4 Rd2 30. Re4 Bd6 31. Rd4 1-0

[Event "EOBCC 2020"]
[Site "Online"]
[Date "2020.12.18"]
[Round "1.69"]
[White "Lewicki, Miroslaw"]
[Black "Moroni, Luca Jr"]
[Result "0-1"]
[WhiteElo "2348"]
[BlackElo "2562"]
[PlyCount "94"]
[EventDate "2020.12.18"]
[EventType "tourn"]
[EventCountry "NET"]

1. e4 e5 2. Nf3 Nc6 3. Bb5 a6 4. Ba4 Nge7 5. O-O g6 6. c3 Bg7 7. d4 exd4 8. cxd4 O-O 9. d5 b5 10. Bc2 Na5 11. Nc3 d6 12. Nd4 Bb7 13. Bg5 h6 14. Bh4 Qd7 15. h3 Nc4 16. Rb1 c5 17. dxc6 Nxc6 18. Nce2 Rfe8 19. Bg3 Nxd4 20. Nxd4 Bxe4 21. Bxe4 Rxe4 22. Nb3 Nxb2 23. Qd5 Ree8 24. Nc5 Qc8 25. Nb7 Nc4 26. Nxd6 Nxd6 27. Qxd6 Qe6 28. Qd2 Rad8 29. Qa5 Rd4 30. Rbe1 Qc8 31. Rxe8+ Qxe8 32. Qxa6 Ra4 33. Qb7 Rxa2 34. Kh2 Ra1 35. Rxa1 Bxa1 36. h4 h5 37. Bf4 Be5 38. Bxe5 Qxe5+ 39. g3 Kg7 40. Kg2 Qc5 41. f3 b4 42. g4 hxg4 43. fxg4 Qc2+ 44. Kg3 b3 45. Qb8 b2 46. h5 b1=Q 47. h6+ Kh7 0-1

[Event "EOBCC 2020"]
[Site "Online"]
[Date "2020.12.18"]
[Round "1.70"]
[White "Theodorou, Nikolas"]
[Black "Godzwon, Iwo"]
[Result "1-0"]
[WhiteElo "2554"]
[BlackElo "2347"]
[PlyCount "55"]
[EventDate "2020.12.18"]
[EventType "tourn"]
[EventCountry "NET"]

1. d4 Nf6 2. c4 e6 3. g3 Bb4+ 4. Nc3 d5 5. Bg2 O-O 6. Nf3 dxc4 7. O-O c6 8. Qc2 b5 9. Ne5 Bxc3 10. bxc3 Bb7 11. a4 a6 12. Ba3 Re8 13. e4 Nbd7 14. f4 Qc7 15. Nxf7 Kxf7 16. e5 Kg8 17. exf6 Nxf6 18. Rae1 Nd5 19. Re5 Qa5 20. f5 Qxc3 21. Qxc3 Nxc3 22. fxe6 Nd5 23. e7 g6 24. Bd6 c3 25. Re2 Kg7 26. Ref2 b4 27. Rf7+ Kg8 28. Bh3 1-0

[Event "EOBCC 2020"]
[Site "Online"]
[Date "2020.12.18"]
[Round "1.71"]
[White "Hollan, Martin"]
[Black "Pantsulaia, Levan"]
[Result "0-1"]
[WhiteElo "2346"]
[BlackElo "2553"]
[PlyCount "130"]
[EventDate "2020.12.18"]
[EventType "tourn"]
[EventCountry "NET"]

1. d4 Nf6 2. c4 c5 3. d5 e6 4. Nc3 exd5 5. cxd5 d6 6. Nf3 g6 7. Bf4 a6 8. a4 Bg7 9. e3 O-O 10. Be2 Bg4 11. O-O Re8 12. h3 Bxf3 13. Bxf3 Qe7 14. a5 Nbd7 15. Na4 Ne5 16. Be2 Nfd7 17. Bh2 f5 18. Re1 Qd8 19. Qd2 Rc8 20. Rac1 Qh4 21. b3 Qb4 22. Qxb4 cxb4 23. Bg3 Bf6 24. Red1 h5 25. f3 Nf7 26. Bf2 Bg5 27. f4 Bf6 28. Bf3 Kg7 29. g4 hxg4 30. hxg4 Kf8 31. gxf5 gxf5 32. Kf1 Ke7 33. Ke2 Rh8 34. Rxc8 Rxc8 35. Kd2 Kf8 36. Be1 Bd8 37. Kd3 Bxa5 38. Nb2 Nc5+ 39. Ke2 Nxb3 40. Kf1 Ke7 41. Be2 Nc5 42. Nc4 Bd8 43. Bxb4 b5 44. Na5 Bxa5 45. Bxa5 Ne4 46. Ra1 Ra8 47. Be1 Rc8 48. Rxa6 Rc1 49. Ra7+ Kf6 50. Bxb5 Nh6 51. Be2 Ng4 52. Bxg4 fxg4 53. Ra2 g3 54. Re2 Kf5 55. Kg2 Kg4 56. Ba5 Rd1 57. Bd8 Rxd5 58. Rc2 Rd1 59. Bc7 d5 60. f5 Re1 61. f6 Rxe3 62. f7 Rf3 63. f8=Q Rxf8 64. Re2 Rf5 65. Bb8 Rf3 0-1

[Event "EOBCC 2020"]
[Site "Online"]
[Date "2020.12.18"]
[Round "1.72"]
[White "Steinberg, Nitzan"]
[Black "Klenburg, Michael"]
[Result "1-0"]
[WhiteElo "2553"]
[BlackElo "2346"]
[PlyCount "51"]
[EventDate "2020.12.18"]
[EventType "tourn"]
[EventCountry "NET"]

1. e4 d6 2. d4 Nf6 3. Nc3 g6 4. Nf3 Bg7 5. Be3 O-O 6. Qd2 a6 7. Bd3 e6 8. Bh6 b5 9. e5 Nfd7 10. h4 Nc6 11. Bxg7 Kxg7 12. exd6 cxd6 13. h5 Rh8 14. h6+ Kf8 15. d5 Nce5 16. dxe6 Nxf3+ 17. gxf3 Ne5 18. Be4 Rb8 19. f4 Nc4 20. Qd4 f6 21. Qa7 Bb7 22. Bxb7 Qc7 23. Qd4 Qxb7 24. Nd5 Re8 25. Qxf6+ Kg8 26. e7 1-0

[Event "EOBCC 2020"]
[Site "Online"]
[Date "2020.12.18"]
[Round "1.73"]
[White "Koc, Przemyslaw"]
[Black "Saric, Ante"]
[Result "1-0"]
[WhiteElo "2346"]
[BlackElo "2550"]
[PlyCount "51"]
[EventDate "2020.12.18"]
[EventType "tourn"]
[EventCountry "NET"]

1. d4 Nf6 2. Nc3 d5 3. Bf4 c5 4. e3 cxd4 5. exd4 Bg4 6. Be2 Bxe2 7. Qxe2 a6 8. Nf3 Nc6 9. O-O e6 10. Rad1 Bb4 11. Na4 O-O 12. c3 Be7 13. b4 b5 14. Nc5 Bxc5 15. bxc5 Ne4 16. Rc1 Qa5 17. Ne5 Nxe5 18. Bxe5 Nxc3 19. Qg4 f6 20. Qxe6+ Kh8 21. Rxc3 Qxc3 22. Bd6 Rfe8 23. Qxd5 Rac8 24. h4 b4 25. h5 h6 26. g3 1-0

[Event "EOBCC 2020"]
[Site "Online"]
[Date "2020.12.18"]
[Round "1.74"]
[White "Grigoriants, Sergey"]
[Black "Krayz, Alexander"]
[Result "1-0"]
[WhiteElo "2546"]
[BlackElo "2346"]
[PlyCount "73"]
[EventDate "2020.12.18"]
[EventType "tourn"]
[EventCountry "NET"]

1. e4 e6 2. d4 d5 3. Nd2 Nf6 4. e5 Nfd7 5. Bd3 c5 6. c3 Nc6 7. Ne2 cxd4 8. cxd4 f6 9. exf6 Nxf6 10. Nf3 Qc7 11. O-O Bd6 12. h3 O-O 13. Be3 Bd7 14. Rc1 Rae8 15. Nc3 a6 16. Re1 Qb8 17. a3 Re7 18. Na4 Be8 19. Nc5 Bh5 20. Nxa6 Qe8 21. Nc5 e5 22. dxe5 Nxe5 23. Be2 Nxf3+ 24. Bxf3 Bxf3 25. Qxf3 Ne4 26. Qd1 Nxc5 27. Qxd5+ Qf7 28. Qxd6 Ne4 29. Qd4 Rfe8 30. Red1 h6 31. a4 Kh7 32. b4 Qg6 33. Qd3 Re6 34. a5 Rd6 35. Qb1 Rxd1+ 36. Rxd1 Re7 37. b5 1-0

[Event "EOBCC 2020"]
[Site "Online"]
[Date "2020.12.18"]
[Round "1.75"]
[White "Marn, Jan"]
[Black "Solodovnichenko, Yuri"]
[Result "1-0"]
[WhiteElo "2346"]
[BlackElo "2544"]
[PlyCount "59"]
[EventDate "2020.12.18"]
[EventType "tourn"]
[EventCountry "NET"]

1. d4 d5 2. c4 e6 3. Nc3 c6 4. Nf3 dxc4 5. e3 b5 6. a4 Bb4 7. Bd2 a5 8. axb5 Bxc3 9. Bxc3 cxb5 10. b3 Bb7 11. bxc4 b4 12. Bb2 Nf6 13. Bd3 Nbd7 14. O-O O-O 15. Nd2 e5 16. d5 Qc7 17. e4 Nc5 18. Bc2 Rfe8 19. f4 Nfd7 20. fxe5 Nxe5 21. Qh5 f6 22. Nf3 Nxc4 23. e5 Nxb2 24. Qxh7+ Kf8 25. exf6 Bxd5 26. fxg7+ Qxg7 27. Ng5+ Ke7 28. Qxg7+ Kd6 29. Qxb2 Nd7 30. Rad1 1-0

[Event "EOBCC 2020"]
[Site "Online"]
[Date "2020.12.18"]
[Round "1.76"]
[White "Smirnov, Pavel"]
[Black "Shohat, Yotam"]
[Result "1-0"]
[WhiteElo "2544"]
[BlackElo "2346"]
[PlyCount "61"]
[EventDate "2020.12.18"]
[EventType "tourn"]
[EventCountry "NET"]

1. d4 Nf6 2. c4 g6 3. Nf3 Bg7 4. g3 O-O 5. Bg2 d6 6. O-O Nbd7 7. Nc3 e5 8. b3 Re8 9. e4 c6 10. Be3 Ng4 11. Bg5 Bf6 12. Bxf6 Ngxf6 13. Qd2 Qe7 14. Rad1 a6 15. Rfe1 b5 16. c5 dxc5 17. Nxe5 Nxe5 18. dxe5 Nd7 19. f4 Nf8 20. Qd6 Ne6 21. Qxc6 Bb7 22. Qd7 Nd4 23. Qxe7 Rxe7 24. Nd5 Bxd5 25. exd5 Rd7 26. d6 Rc8 27. Rxd4 cxd4 28. Bh3 f5 29. exf6 Rcd8 30. Bxd7 Rxd7 31. Re8+ 1-0

[Event "EOBCC 2020"]
[Site "Online"]
[Date "2020.12.18"]
[Round "1.77"]
[White "Spitzl, Vinzent"]
[Black "Gazik, Viktor"]
[Result "0-1"]
[WhiteElo "2346"]
[BlackElo "2542"]
[PlyCount "122"]
[EventDate "2020.12.18"]
[EventType "tourn"]
[EventCountry "NET"]

1. e4 c5 2. Nf3 d6 3. d4 cxd4 4. Nxd4 Nf6 5. Nc3 a6 6. Bg5 Nbd7 7. Qe2 g6 8. O-O-O Bg7 9. f4 O-O 10. Nb3 Qc7 11. g4 b5 12. Bg2 Bb7 13. Nd5 Bxd5 14. exd5 Nb6 15. Rhe1 Rfe8 16. Kb1 Rac8 17. f5 Nc4 18. Nd4 Ne5 19. Nc6 Nfxg4 20. fxg6 hxg6 21. Bh3 Nxc6 22. dxc6 Ne5 23. Bxc8 Rxc8 24. h4 e6 25. h5 Qxc6 26. c3 Nf3 27. hxg6 Nxg5 28. gxf7+ Nxf7 29. Qxe6 b4 30. Rf1 Rc7 31. Rde1 bxc3 32. Qe8+ Qxe8 33. Rxe8+ Kh7 34. bxc3 Bxc3 35. Rh1+ Kg6 36. Rg1+ Ng5 37. Re6+ Kf5 38. Rxd6 Nf3 39. Rf1 Ke4 40. Rfd1 Nd4 41. Rb6 a5 42. a3 Kd5 43. Rb5+ Kc4 44. Rb8 a4 45. Ka2 Nb3 46. Rb1 Rh7 47. Rc8+ Nc5 48. Rb4+ Bxb4 49. axb4 Kxb4 50. Rb8+ Kc4 51. Ka3 Rh3+ 52. Ka2 Rb3 53. Rg8 Rd3 54. Rg4+ Kb5 55. Rg5 Rc3 56. Kb2 Kb4 57. Rg4+ Rc4 58. Rg3 Nb3 59. Rg8 a3+ 60. Ka2 Rc2+ 61. Kb1 Rb2# 0-1

[Event "EOBCC 2020"]
[Site "Online"]
[Date "2020.12.18"]
[Round "1.78"]
[White "Stefansson, Hannes"]
[Black "Sevgi, Volkan"]
[Result "0-1"]
[WhiteElo "2536"]
[BlackElo "2359"]
[PlyCount "66"]
[EventDate "2020.12.18"]
[EventType "tourn"]
[EventCountry "NET"]

1. e4 c6 2. d4 d5 3. e5 Bf5 4. Nd2 e6 5. Nb3 Nd7 6. Nf3 h6 7. Be2 Ne7 8. O-O Bh7 9. a4 Nf5 10. a5 Be7 11. h3 Qc7 12. c4 dxc4 13. Bxc4 Rd8 14. Qe2 O-O 15. Bf4 Bb4 16. Ra4 c5 17. d5 exd5 18. Bxd5 Nf6 19. Bc4 Nd5 20. Bh2 Qc6 21. Raa1 Rfe8 22. Rad1 Nc7 23. Rxd8 Rxd8 24. Rd1 Re8 25. g4 Ne7 26. Rd6 Qe4 27. Rd7 Ne6 28. Kg2 Qxe2 29. Bxe2 Be4 30. Bb5 a6 31. Be2 Bc6 32. Rd1 Ng6 33. Bc4 Nh4+ 0-1

[Event "EOBCC 2020"]
[Site "Online"]
[Date "2020.12.18"]
[Round "1.79"]
[White "Grafl, Florian"]
[Black "Iskandarov, Misratdin"]
[Result "0-1"]
[WhiteElo "2343"]
[BlackElo "2535"]
[PlyCount "98"]
[EventDate "2020.12.18"]
[EventType "tourn"]
[EventCountry "NET"]

1. e4 g6 2. d4 Bg7 3. Nc3 c5 4. dxc5 Bxc3+ 5. bxc3 Qa5 6. Nf3 Qxc3+ 7. Bd2 Qxc5 8. Bd3 Nf6 9. O-O d6 10. Rb1 O-O 11. Qe2 Qc7 12. e5 dxe5 13. Nxe5 Nc6 14. Nxc6 bxc6 15. Rfe1 Be6 16. a4 Rfd8 17. a5 c5 18. Ba6 Rab8 19. h3 c4 20. Bc3 Qc6 21. Rxb8 Rxb8 22. Qe5 Rd8 23. Bb5 Qd5 24. Qc7 Kf8 25. Bxc4 Qd6 26. Qxd6 Rxd6 27. Bxe6 fxe6 28. Rb1 Nd5 29. Bd4 a6 30. Rb8+ Kf7 31. c4 Nf4 32. Bb6 Rd1+ 33. Kh2 Rc1 34. Ra8 Rxc4 35. Rxa6 Nd5 36. Ra8 Ra4 37. Rb8 h5 38. Rh8 Ra2 39. g3 Nxb6 40. axb6 Rxf2+ 41. Kg1 Rb2 42. Rb8 e5 43. Kf1 e4 44. b7 e3 45. Ke1 Ke6 46. g4 hxg4 47. hxg4 Ke5 48. Kd1 Ke4 49. Ke1 g5 0-1

[Event "EOBCC 2020"]
[Site "Online"]
[Date "2020.12.18"]
[Round "1.80"]
[White "Abbasov, Farid"]
[Black "Gubajdullin, Alexei"]
[Result "1-0"]
[WhiteElo "2528"]
[BlackElo "2343"]
[PlyCount "79"]
[EventDate "2020.12.18"]
[EventType "tourn"]
[EventCountry "NET"]

1. d4 Nf6 2. c4 g6 3. Nc3 Bg7 4. e4 O-O 5. Nf3 d6 6. Be2 e5 7. O-O Nc6 8. d5 Ne7 9. b4 Nh5 10. Re1 Nf4 11. Bf1 f5 12. Bxf4 exf4 13. Rc1 fxe4 14. Nxe4 h6 15. h3 Nf5 16. Qd2 a5 17. b5 b6 18. Bd3 Bd7 19. Re2 a4 20. Rce1 a3 21. Nc3 Qb8 22. Re6 Bxe6 23. dxe6 Ne7 24. Nd5 Nxd5 25. cxd5 Qe8 26. Qc2 Qe7 27. Bxg6 Bf6 28. Qe4 Qg7 29. Bf7+ Rxf7 30. exf7+ Qxf7 31. Qxf4 Bc3 32. Qg4+ Qg7 33. Rc1 Qxg4 34. hxg4 Bb4 35. Rxc7 Re8 36. Nh4 Re1+ 37. Kh2 Re2 38. Nf5 Rxa2 39. Nxh6+ Kf8 40. f4 1-0

[Event "EOBCC 2020"]
[Site "Online"]
[Date "2020.12.18"]
[Round "1.81"]
[White "Stukan, Martin"]
[Black "Nasuta, Grzegorz"]
[Result "0-1"]
[WhiteElo "2342"]
[BlackElo "2535"]
[PlyCount "70"]
[EventDate "2020.12.18"]
[EventType "tourn"]
[EventCountry "NET"]

1. e4 c5 2. Nf3 d6 3. d4 cxd4 4. Nxd4 Nf6 5. Nc3 e6 6. g4 h6 7. Bg2 Nc6 8. h3 Bd7 9. Be3 Ne5 10. O-O Be7 11. b3 Rc8 12. Nce2 Bc6 13. Nxc6 bxc6 14. Ng3 Qc7 15. c4 O-O 16. Qd2 Rfd8 17. Rac1 Ng6 18. Rfd1 Qb8 19. Qe2 Rd7 20. f4 d5 21. e5 Ne8 22. cxd5 cxd5 23. Qa6 Rxc1 24. Rxc1 d4 25. Bd2 Nc7 26. Qa4 Nb5 27. Bc6 Rb7 28. Bxb7 Qxb7 29. Qc4 Qf3 30. Be1 Nc3 31. Qf1 Qd5 32. Bf2 Nh4 33. Be1 Nf3+ 34. Kf2 Bc5 35. Qd3 Nh4 0-1